Statistics for Reducing Fractions - Harder

Click here to take the quiz!

General Stats

  • This quiz has been taken 42 times
  • The average score is 10 of 19

Answer Stats

FRACTIONREDUCED FRACTION% Correct
50 / 605 / 6
91%
60 / 6512 / 13
88%
30 / 485 / 8
84%
16 / 2881 / 18
81%
440 / 91044 / 91
81%
72 / 1624 / 9
75%
55 / 1511 / 3
72%
40 / 858 / 17
72%
40 / 258 / 5
72%
440 / 152011 / 38
44%
144 / 2708 / 15
44%
124 / 8681 / 7
38%
168 / 30014 / 25
34%
171 / 1339 / 7
25%
231 / 18721 / 17
22%
540 / 73536 / 49
22%
105 / 683105 / 683
16%
1386 / 141499 / 101
6%
672 / 135848 / 97
3%

Score Distribution

Percentile by Number Answered

Percent of People with Each Score

Your Score History

You have not taken this quiz